| 000 | 01086nam a22003497 4500 | ||
|---|---|---|---|
| 001 | 1896847 | ||
| 003 | DO-SdBPM | ||
| 005 | 20250408095842.0 | ||
| 007 | ta | ||
| 008 | 031113s2003 sp | ||| ||spa | ||
| 017 |
_a _b |
||
| 020 | _a8434890763 | ||
| 035 | _a | ||
| 040 |
_aDO-SdBPM _bspa _cBPMSU _e |
||
| 041 |
_aspa _h |
||
| 080 | _a | ||
| 082 | 4 |
_a823.92 _bB994m 2003 _222 |
|
| 100 | 1 |
_aByng, Georgia _d1965- |
|
| 245 | 1 | 0 |
_aMolly Moon y el increíble libro del hipnotismo / _cGeorgia Byng ; traducción Isabel González-Gallar _h |
| 250 | _a4ª ed. | ||
| 260 |
_aMadrid : _bSM, _c2003 |
||
| 300 |
_a349 p. ; _c22 cm |
||
| 490 | 0 | _a¡Dejate caer por un portal de gente como tú!- | |
| 534 |
_p Título original : _t Molly Moon's incredible book of hypnotism. |
||
| 590 | _aInventariado, 2025/VM | ||
| 650 | 4 |
_aNovela juvenil británica _2 |
|
| 650 | 4 | _a Literatura juvenil británica | |
| 650 | 4 |
_aHipnotismo _vNovela juvenil |
|
| 700 | 1 |
_aGonzález-Gallarza Granizo, Isabel, _etraductor |
|
| 910 | _aVMateo V. Control de calidad. | ||
| 942 |
_2ddc _cBK |
||
| 999 |
_c9564 _d9564 |
||